000 00788nam a2200217 i 4500
001 25913
003 ES-MaACL
005 20250831121907.0
007 t|
008 030103s1972 sp a |||| | spa d
100 1 _aArnason, H. H.
_923046
245 1 0 _aHistoria del arte moderno
_b: pintura, escultura, arquitectura /
_cH. H. Arnason ; [traducción de E. Mascaró Porcar y J. Massot Gimeno ; bajo la dirección de M. Tamayo].
260 _aMadrid, etc. :
_bDaimon Manuel Tamayo,
_c1972.
300 _a660 p., 60 lám. col. :
_bil. ;
_c30 cm.
650 7 _aArte-
_yS.XX
_2
_9141916
700 1 _aMascaró, Ernesto.
_978682
700 1 _aMassot Gimeno, Juan.
_978859
700 1 _aTamayo, Manuel,
_d1917-1977
_9160966
852 _aES-MaACL
_jC-42899
999 _c25913
_d25913